000 00360 a2200145 4500
005 20250320103258.0
020 _a0-07-287186-5
082 _a808.042 LAN
100 _a LANGAN, J.
245 _a College Writing Skills
250 _a6th Ed.
260 _a Boston
_bMcGraw-Hill
_c2005
300 _aXXII, 586p., ill., table
_bIndex
_c23cm.
942 _2ddc
_cBKS
999 _c1027
_d1027